| 000 | 00784nam a2200205 i 4500 | ||
|---|---|---|---|
| 001 | 180670 | ||
| 003 | ES-MaACL | ||
| 005 | 20250824063058.0 | ||
| 008 | 120619s1976 sp |||| | spa d | ||
| 080 | _a543.42(043.2) | ||
| 100 | 1 |
_aTejada Palacios, Javier, _d1948- _9150689 |
|
| 245 | 1 | 0 |
_aEspectroscopia Mossbauer en hemoproteinas y en óxidos de cobalto / _cpor Javier Tejada Palacios. |
| 260 |
_aBarcelona : _bUniversidad de Barcelona, Secretariado de Publicaciones, Intercambio Científico y Extensión Universitaria, _c1976. |
||
| 300 |
_a23 p. : _bil. ; _c24 cm. |
||
| 502 | _aResumen de tesis--Univ. Barcelona. | ||
| 650 | 4 |
_aEspectroscopia. _9143481 |
|
| 710 | 2 |
_aUniversidad de Barcelona. _97141 |
|
| 852 |
_aES-MaACL _jE-15362(207) |
||
| 999 |
_c180670 _d180670 |
||